|
|
|
|
| LEADER |
00000nab a2200000 a 4500 |
| 001 |
vtls001515544 |
| 003 |
SK-MaSNL |
| 005 |
20260304034549.0 |
| 008 |
050228 2005 xo r r 000 0 slo |
| 015 |
|
|
|a KEVKJB2005
|
| 040 |
|
|
|a KEVKJB
|b slo
|c KEVKJB
|e AACR2
|
| 041 |
0 |
|
|a slo
|
| 044 |
|
|
|a xo
|c SK
|
| 080 |
|
|
|a 94(437.671)
|x "1848/1849"
|2 UDC-MRF-SK2
|
| 080 |
|
|
|a 94(439.2)
|x "l848/1849"
|2 UDC-MRF-SK2
|
| 100 |
1 |
|
|a Duchoň, Jozef
|4 aut
|9 317656
|
| 245 |
1 |
0 |
|a Košický "Horácius" pohrozil, že nechá mesto vyplieniť
|b Košice v rokoch meruôsmych
|n Časť šiesta:
|p Bitka na Chvalabohu
|c Jozef Duchoň
|
| 300 |
|
|
|b Obr.
|
| 630 |
0 |
7 |
|a Plathova kronika
|2 kevkjb
|9 1074445
|
| 630 |
0 |
7 |
|a Tutkóova kronika
|2 kevkjb
|9 1074446
|
| 648 |
|
7 |
|a 1848-1849
|2 SNK
|9 285913
|
| 650 |
0 |
7 |
|a kroniky
|2 kevkjb
|9 29539
|
| 650 |
0 |
7 |
|a revolúcia (1848-1849)
|2 kevkjb
|9 4759
|
| 650 |
0 |
7 |
|a vojenské bitky
|2 kevkjb
|9 29018
|
| 650 |
0 |
7 |
|a bitka o Branisko (1849 : Branisko Slovensko : pohorie)
|2 snkbucl
|9 31224
|
| 650 |
0 |
7 |
|a dejiny miest
|2 SNKPH
|9 164833
|
| 651 |
|
7 |
|a Košice-okolie (Slovensko : okres)
|2 kevkjb
|9 146743
|
| 651 |
|
7 |
|a Uhorsko
|2 snkbucl
|9 28673
|
| 651 |
|
7 |
|a Košice (Slovensko)
|2 snkbucl
|9 18694
|
| 773 |
0 |
|
|t Košický večer
|g Roč. 16(37) č.7 (18.2.2005), s.15
|
| 852 |
|
|
|a KEVKJB
|b KIS3GCP
|
| 999 |
|
|
|c 2653768
|d 2655698
|